1159 1597 1580 1315 1592 1579 1573 1820 1699 1678 1595 1936 1259 1278 1884 1791 1662 1370 1652 1283 1282 1244 1882 1725 1765 1164 1536 1739 1418 1174 1903 1344 1353 1806 1399 1248 1951 1537 1556 1412 1663 1680 1676 1995 1435 1395 1135 1903 1454 1493 1797 1535 1233 1579 1333 1109 1567 1194 1208 1337 1358 1982 1473 1981 1593 1781 1214 1137 1388 1235 1708 1716 1134 1518 1099 1986 1589 1951 1853 1989 1405 1836 1085 1067 1690 1193 1647 1673 1821 1123 1046 1378 1076 1697 1260 1374 1454 1284 1183 BCNSPRNW ULIB Ver.6.0+V

เปลี่ยนเป็นภาษาไทย

Change to English
 แสดงรายละเอียดบรรณานุกรม
  กลับหน้าหลัก

Brief Record : Get Marc (ISO 2709) : E-mail record : QR code < ปิดหน้าต่าง
LEADER : 00000nam 2200000uu 4500
001    13399127093
003     ULIB
008    020711s2557 th a 000 0 tha d
020    ^a9786162273261
060    ^aWS103^bต-ย
100    ^aตุ๊บป่อง
245    ^aยา หย่า ย่า ชุดชวนท่องร้องเล่น
250    ^aพิมพ์ครั้งที่ 1
260    ^aกรุงเทพฯ :^bบริษัท แปลน ฟอร์ คิดส์ จำกัด,^c2557
300    ^a17 หน้า;^b21 ซม.
650    ^aเด็ก^xการเรียนการสอน
945    ^p85^l0^i006281
999    ^aประนอม เกษจรัล
รายการนี้ยังไม่มีแท็ก
คุณยังไม่ได้ล็อกอิน คุณสามารถมีกิจกรรมร่วมกับเว็บไซต์ได้ แต่ต้องล็อกอินก่อน ::
  ล็อกอิน

รายการสื่อสารสนเทศ

ลำดับที่ ประเภท เลขเรียก/บาร์โค้ด สถานที่ สถานะ
1. วิทยาศาสตร์การแพทย์ และสุขภาพ
วิทยาศาสตร์การแพทย์ และสุขภาพ
WS103 ต-ย ฉ.1 
  Barcode: 006281
ห้องสมุดวิทยาเขตสวรรค์ประชารักษ์
►หนังสือทั่วไป
บนชั้น

รายการใกล้เคียง
    ผู้แต่ง [ตุ๊บป่อง]

BibComment


ยังไม่เคยถูกคอมเมนท์

คอมเมนท์ทรัพยากรรายการนี้
  คอมเมนท์: ยา หย่า ย่า ชุดช..


 Copyright 2026. Bcnsprnw @Library